Normal view
MARC view
Entry Nombre corporativo
001 - NÚMERO DE CONTROL
- campo de control: 459
003 - IDENTIFICADOR DE NÚMERO DE CONTROL
- campo de control: DLC
005 - FECHA Y HORA DE LA ÚLTIMA TRANSACCIÓN
- campo de control: 20260211110525.0
008 - ELEMENTOS DE DATO DE LONGITUD-FIJA
- campo de control de longitud fija: 850524n| acannaabn |a ana
010 ## - NÚMERO DE CONTROL DE LA BIBLIOTECA DEL CONGRESO
- Número de control de LC: n 85022343
035 ## - NÚMERO DE CONTROL DEL SISTEMA
- Número de control de sistema: (OCoLC)oca01337768
040 ## - FUENTE DE CATALOGACIÓN
- Centro catalogador/agencia de origen: DLC
- Lengua de catalogación: eng
- Centro/agencia transcriptor: DLC
- Centro/agencia modificador: DLC
- Centro/agencia modificador: TxU
- Centro/agencia modificador: OCoLC
110 2# - ENCABEZAMIENTO-NOMBRE DE ENTIDAD CORPORATIVA
- Nombre de entidad corporativa o nombre de jurisdicción como elemento de entrada: Instituto de Investigaciones Históricas Juan Manuel de Rosas
410 2# - TRAZADO DE VÉASE--NOMBRE DE ENTIDAD CORPORATIVA
- Nombre de entidad corporativa o nombre de jurisdicción como elemento de entrada: Instituto Rosas
410 2# - TRAZADO DE VÉASE--NOMBRE DE ENTIDAD CORPORATIVA
- Subcampo de control: nnaa
- Nombre de entidad corporativa o nombre de jurisdicción como elemento de entrada: Instituto de Investigaciones Históricas Juan Manuel de Rosas, Buenos Aires
510 2# - TRAZADO DE VÉASE ADEMÁS--NOMBRE DE ENTIDAD CORPORATIVA
- Nombre de entidad corporativa o nombre de jurisdicción como elemento de entrada: Instituto Juan Manuel de Rosas de Investigaciones Históricas
510 2# - TRAZADO DE VÉASE ADEMÁS--NOMBRE DE ENTIDAD CORPORATIVA
- Subcampo de control: b
- Nombre de entidad corporativa o nombre de jurisdicción como elemento de entrada: Instituto Nacional de Investigaciones Históricas Juan Manuel de Rosas
670 ## - FUENTE DE DATOS ENCONTRADOS
- Cita de la fuente: Ramallo, J.M. La Revista del Instituto Rosas (1939-1961), 1984:
- Información encontrada: t.p. (Instituto Rosas; Instituto de Investigaciones Históricas Juan Manuel de Rosas)
670 ## - FUENTE DE DATOS ENCONTRADOS
- Cita de la fuente: LC manual cat.
- Información encontrada: (hdg.: Instituto de Investigaciones Históricas Juan Manuel de Rosas, Buenos Aires)
670 ## - FUENTE DE DATOS ENCONTRADOS
- Cita de la fuente: Boletín del Instituto de Investigaciones Históricas Juan Manuel de Rosas, enero-marzo 1945:
- Información encontrada: t.p. (Instituto de Investigaciones Históricas Juan Manuel de Rosas)
670 ## - FUENTE DE DATOS ENCONTRADOS
- Cita de la fuente: El asno del pensamiento nacional, 1996:
- Información encontrada: t.p. (Instituto de Investigaciones Históricas Juan Manuel de Rosas)
675 ## - FUENTE DE DATOS NO ENCONTRADOS
- Cita de la fuente: Boletín del Instituto Juan Manuel de Rosas de Investigaciones Históricas, jul. 1968: t.p. (Instituto Juan Manuel de Rosas de Investigaciones Históricas); Revista del Instituto Nacional de Investigaciones Históricas Juan Manuel de Rosas, enero/mar. 1997: t.p. (Instituto Nacional de Investigaciones Históricas Juan Manuel de Rosas; Buenos Aires)